000 00948cam a22002294a 4500
999 _c58115
_d58115
001 15182969
005 20210624121411.0
008 080215s2008 cau b 001 0 eng
020 _a9780470189702
041 _aeng
080 _a616.8-008.6 R-52
100 1 _aRief, Sandra F.
_912086
245 1 4 _aThe ADD/ADHD checklist :
_cA Practical Reference for Parents and Teachers /
_bby Sandra F. Rief.
250 _a2nd ed.
264 _aSan Francisco, CA :
_bJossey-Bass,
_c2008.
300 _a257 p. ;
_c23 cm.
653 _aყურადღების დეფიციტით დაქვეითებული ბავშვები
653 _aДети с синдромом дефицита внимания
856 4 1 _3Table of contents only
_uhttp://www.loc.gov/catdir/toc/ecip0811/2008006603.html
856 4 2 _3Publisher description
_uhttp://www.loc.gov/catdir/enhancements/fy0814/2008006603-d.html
942 _2udc
_cBK